000 00707nam a2200205Ii 4500
003 JO-AjNU
008 230605s9999||||xx |||||||||||||| ||und||
040 _aJO-AjNU
_bara
_erda
_cJO-AjNU
041 _aara
050 1 4 _aKMU49.Z3788.1965
100 3 _a الزرقاء، مصطفى احمد ,
_eauthor
_940978
245 0 0 _aشرح القانون المدني السوري العقود المسماة " عقد البيع والمقايضة "
250 _aط6
264 3 1 _aدمشق : د ، ن ، 1965
300 _a311ص
336 _atext
_btxt
_2rdacontent
337 _aunmediated
_bn
_2rdamedia
338 _avolume
_bnc
_2rdacarrier
650 4 _aقانون مدني -- عقود مسماة
_940979
999 _aA17433
_c21001
_d21001